Textbook of Health/ Nursing Informatics and Technology (Record no. 367393)

MARC details
000 -LEADER
fixed length control field 00472nam a22001697a 4500
005 - DATE AND TIME OF LATEST TRANSACTION
control field 20250828160926.0
008 - FIXED-LENGTH DATA ELEMENTS--GENERAL INFORMATION
fixed length control field 250822b |||||||| |||| 00| 0 eng d
020 ## - INTERNATIONAL STANDARD BOOK NUMBER
International Standard Book Number 978-93-92242-87-8
041 ## - LANGUAGE CODE
Language code of text/sound track or separate title English
082 ## - DEWEY DECIMAL CLASSIFICATION NUMBER
Classification number C 004 RAH DB1391
100 ## - MAIN ENTRY--PERSONAL NAME
Author Rahane Swapnil
245 ## - TITLE STATEMENT
Title Textbook of Health/ Nursing Informatics and Technology
260 ## - PUBLICATION, DISTRIBUTION, ETC.
Name of publisher, distributor, etc. Vision Health Sciences Publishers
Date of publication, distribution, etc. 2024
Place of publication, distribution, etc. Punjab
300 ## - PHYSICAL DESCRIPTION
Extent 234p
365 ## - TRADE PRICE
Price amount Rs.525.00
942 ## - ADDED ENTRY ELEMENTS (KOHA)
Koha item type Donated Book
Holdings
Withdrawn status Lost status Source of classification or shelving scheme Damaged status Not for loan Home library Current library Date acquired Net Price Bill number Full call number Barcode Date last seen Bill Date Koha item type Original Barcode
    Dewey Decimal Classification     Smt. Bakul Tambat Institute of Nursing Education Smt. Bakul Tambat Institute of Nursing Education 22/08/2025 525.00 IK#2025-26#666 C 004 RAH DB1391 BTIN-DB-1391 22/08/2025 22/08/2025 Donated Book DB1391